Hoteles y colonias veraniegas

Furkejuvvon:
Bibliográfalaš dieđut
Váldodahkki: Peters, Paulhans (Dahkki)
Materiálatiipa: Girji
Giella:espánnjágiella
Almmustuhtton: Barcelona Gustavo Gili 1970
Ráidu:Temas de Arquitectura actual, 10
Fáttát:
Fáddágilkorat: Lasit fáddágilkoriid
Eai fáddágilkorat, Lasit vuosttaš fáddágilkora!

MARC

LEADER 00000nam a2200000 a 4500
001 UCU7828
003 CL-VaPUC
008 960705e19700000SP |||||||||||||||||spa|d
082 0 4 |a 728.5  |b PET  |2 21 
100 0 |a Peters, Paulhans  |e author  |9 366913 
245 1 0 |a Hoteles y colonias veraniegas 
300 |a 102 p 
942 |c BK 
945 |d 19960705 00:00:00  |a paguirre 
260 |a Barcelona  |b Gustavo Gili  |c 1970 
650 0 |a Construcción  |9 260195 
650 0 |a Hoteles  |9 360285 
650 0 |a Edificios   |9 260501 
650 0 |a Diseño arquitectónico   |9 265271 
650 0 |a Arquitectura  |9 804558 
583 |a last modification  |c 19960705 00:00:00  |k Rodrigo Vera 
490 0 |a Temas de Arquitectura actual, 10 
999 |c 250393  |d 250391 
952 |0 0  |1 0  |4 0  |6 728_500000000000000_PET_1970  |7 0  |8 A  |9 268347  |a BIBING  |b BIBING  |d 2019-11-19  |i 1701738  |o 728.5 PET 1970  |p 1701738  |r 2025-01-20  |w 2019-11-19  |y BK  |k CCL